The News (Record no. 4190)
[ view plain ]
| 000 -CABECERA | |
|---|---|
| campo de control de longitud fija | 00862nam a2200241 a 4500 |
| 001 - NÚMERO DE CONTROL | |
| campo de control | BRCA_4484 |
| 005 - FECHA Y HORA DE LA ÚLTIMA TRANSACCIÓN | |
| campo de control | 20190320204704.0 |
| 008 - DATOS DE LONGITUD FIJA--INFORMACIÓN GENERAL | |
| campo de control de longitud fija | 090910s1974----mx-a######---#000-0#eng-# |
| 041 ## - CÓDIGO DE LENGUA | |
| Código de lengua del texto/banda sonora o título independiente | eng |
| 044 ## - CÓDIGO DEL PAÍS DE LA ENTIDAD EDITORA/PRODUCTORA | |
| Código MARC del país | mx |
| 050 #4 - SIGNATURA TOPOGRÁFICA DE LA BIBLIOTECA DEL CONGRESO | |
| Número de clasificación | N6554 |
| Número de documento/Ítem | .N49 1974 |
| 245 10 - MENCIÓN DE TÍTULO | |
| Título | The News |
| Resto del título | Vistas, Mexico City. |
| 260 ## - PUBLICACIÓN, DISTRIBUCIÓN, ETC. | |
| Lugar de publicación, distribución, etc. | México |
| Nombre del editor, distribuidor, etc. | The News |
| Fecha de publicación, distribución, etc. | 1974 |
| 300 ## - DESCRIPCIÓN FÍSICA | |
| Extensión | 1 h. |
| Otras características físicas | il. (algunas a color) |
| Dimensiones | 38 cm. |
| 500 ## - NOTA GENERAL | |
| Nota general | Estado físico: hoja deteriorada |
| 500 ## - NOTA GENERAL | |
| Nota general | Contenido: Presenta imágenes de dos paneles del biombo del S. XVII de la colección Franz Mayer en el que se aprecia el encuentro entre Moctezuma y Cortés |
| 500 ## - NOTA GENERAL | |
| Nota general | Recorte de periódico inventariado por Banco de México como libro |
| 500 ## - NOTA GENERAL | |
| Nota general | CC16 |
| 650 14 - PUNTO DE ACCESO ADICIONAL DE MATERIA--TÉRMINO DE MATERIA | |
| Término de materia o nombre geográfico como elemento de entrada | Artes decorativas |
| Subdivisión cronológica | 1974 |
| Subdivisión geográfica | México |
| 9 (RLIN) | 11359 |
| 651 #4 - PUNTO DE ACCESO ADICIONAL DE MATERIA--NOMBRE GEOGRÁFICO | |
| Nombre geográfico | México |
| Subdivisión general | Historia |
| Subdivisión cronológica | Descubrimiento y conquista |
| 9 (RLIN) | 11360 |
| 902 ## - CATALOGADOR | |
| Iniciales | GFM |
| 942 ## - ELEMENTOS DE PUNTO DE ACCESO ADICIONAL (KOHA) | |
| Fuente del sistema de clasificación o colocación | Library of Congress Classification |
| Tipo de ítem Koha | Libros |
| Estado de retiro | Estado de pérdida | Estado dañado | No para préstamo | Localización permanente | Ubicación/localización actual | Fecha de adquisición | Número de inventario | Total de préstamos | Signatura topográfica completa | Código de barras | Fecha visto por última vez | Precio válido a partir de | Tipo de ítem Koha |
|---|---|---|---|---|---|---|---|---|---|---|---|---|---|
| El ejemplar forma parte de la colección y puede ser consultado según las políticas vigentes. | Biblioteca del Museo Franz Mayer (Rogerio Casas-Alatriste) | Biblioteca del Museo Franz Mayer (Rogerio Casas-Alatriste) | 09/09/2010 | CC16 | N6554 .N49 1974 (CC16) | 4481 | 22/03/2019 | 22/03/2019 | Libros |